[Event "mestres"]
[Site "http://www.queenalice.com/game.php?id=153207"]
[Date "2007.1.12"]
[Round "-"]
[White "Cuaio"]
[Black "Gandalfs"]
[Result "1-0"]
[WhiteElo "1132"]
[BlackElo "1319"]

1. e4 e6 2. Nf3 d5 3. d3 Nc6 4. Qd2 Bb4 5. c3 Bd6 6. Qe3 Nf6 7. Qg5 h6 8. Qxg7
Rg8 9. Qxh6 e5 10. exd5 Na5 11. Bg5 Bf8 12. Qh4 Qxd5 13. Bxf6 Be7 14. Bxe7 Nc6
15. c4 1-0

[Event "Desafio"]
[Site "http://www.queenalice.com/game.php?id=155965"]
[Date "2007.1.19"]
[Round "-"]
[White "Cuaio"]
[Black "matheusbratz"]
[Result "1-0"]
[WhiteElo "1195"]
[BlackElo "1046"]

1. e4 e5 2. Bc4 Na6 3. Qf3 Nf6 4. d3 Bc5 5. Qf5 d6 6. Qg5 O-O 7. Nf3 Bg4 8. Nh4
h6 9. Qe3 Bxe3 10. fxe3 Nxe4 11. dxe4 Nc5 12. Nc3 Qxh4+ 13. Kd2 Rae8 14. g3 Qh3
15. b4 Qg2+ 16. Ke1 Qxh1+ 17. Kf2 Nxe4+ 18. Nxe4 Re6 19. Rb1 1-0

[Event "Treinamento"]
[Site "http://www.queenalice.com/game.php?id=155966"]
[Date "2007.1.19"]
[Round "-"]
[White "Cuaio"]
[Black "sancdb"]
[Result "0-1"]
[WhiteElo "1220"]
[BlackElo "1306"]

1. e4 Nf6 2. Bc4 Nxe4 3. Qf3 Ng5 4. Qxf7+ Nxf7 5. Nf3 e6 6. d4 d5 7. Bb5+ c6 8.
Bd3 Bd6 9. Nc3 O-O 10. b3 Qa5 11. Bb2 Ba3 12. b4 Qxb4 13. Kd1 Qxb2 14. Kd2 Bb4
15. Rag1 Bxc3+ 16. Ke3 Nd6 17. Rb1 Qxa2 18. g4 Ne4 19. Bxe4 Qc4 20. Bd3 Qa2 21.
Rbg1 Na6 22. Rg3 Nb4 23. Rh3 Nxc2+ 24. Ke2 Nxd4+ 25. Ke3 Nxf3 26. Re1 d4+ 27.
Ke4 Bxe1 28. Rxh7 Kxh7 29. g5 Rf5 30. g6+ Kxg6 31. h3 Qd5# 0-1

[Event "Let's Play Chess!"]
[Site "http://www.queenalice.com/game.php?id=156548"]
[Date "2007.1.20"]
[Round "-"]
[White "matheusbratz"]
[Black "Cuaio"]
[Result "0-1"]
[WhiteElo "1071"]
[BlackElo "1172"]

1. e4 e5 2. Nf3 Nf6 3. Nxe5 Nxe4 4. Bd3 d5 5. Qf3 Nd6 6. Qxd5 Ke7 7. O-O Qe8 8.
Re1 c6 9. Nxc6+ Kd7 10. Rxe8 Kxe8 11. Qe5+ Be6 12. Nc3 bxc6 13. Nb5 cxb5 14. Be4
Nd7 15. Qd4 Rc8 16. Qxa7 Nxe4 17. d3 Ng5 0-1

[Event "Challenge"]
[Site "http://www.queenalice.com/game.php?id=157002"]
[Date "2007.1.21"]
[Round "-"]
[White "Cuaio"]
[Black "BobGomes"]
[Result "0-1"]
[WhiteElo "1064"]
[BlackElo "1814"]

1. e4 c6 2. Qf3 e5 3. Bc4 Nf6 4. Nc3 Be7 5. d3 d6 6. Bg5 Bg4 7. Qg3 Bc8 8. Bxf6
Bxf6 9. Nf3 Nd7 10. b3 b5 11. Be6 fxe6 12. Rd1 O-O 13. h4 Qa5 14. Kd2 d5 15.
exd5 exd5 16. Rb1 e4 17. Ne1 Bxc3+ 18. Kc1 Qxa2 19. Kd1 Qxb1+ 20. Ke2 Bxe1 21.
Qg5 Rxf2+ 22. Ke3 Qc1+ 23. Kd4 c5+ 24. Kxd5 Bb7+ 25. Kd6 Rf6+ 26. Kxd7 Bc6+ 27.
Ke7 Re8# 0-1

[Event "Challenge"]
[Site "http://www.queenalice.com/game.php?id=160242"]
[Date "2007.1.28"]
[Round "-"]
[White "Cuaio"]
[Black "hugo10"]
[Result "0-1"]
[WhiteElo "1100"]
[BlackElo "1428"]

1. e4 e5 2. Qf3 Nh6 3. Ne2 Bc5 4. Qc3 d6 5. d3 Ng4 6. h3 Nxf2 7. d4 exd4 8. Nxd4
Nxh1 9. Be3 Ng3 10. Bf4 Nxe4 11. Qe3 d5 12. Qa3 Bxa3 13. bxa3 Qe7 14. Bb5+ c6
15. Bd3 Nc5+ 16. Be2 Na4 17. Nf5 Qf6 0-1

[Event "Partida 1"]
[Site "http://www.queenalice.com/game.php?id=163473"]
[Date "2007.2.4"]
[Round "-"]
[White "vivi_jamile"]
[Black "Cuaio"]
[Result "0-1"]
[WhiteElo "935"]
[BlackElo "1064"]

1. d4 d5 2. Nc3 e6 3. a3 Qf6 4. Be3 Nc6 5. Nf3 Na5 6. Ne4 dxe4 7. b4 Nc4 8. Bg5
Qf5 9. h4 exf3 10. gxf3 Nb2 11. Qd2 b6 12. Rb1 Nc4 13. Qd3 b5 14. e4 Qg6 15. c3
Ne7 16. Be2 Nxa3 17. f4 Nc6 18. f5 exf5 19. Rg1 h6 20. Bd2 Qxg1+ 21. Bf1 fxe4
22. Qxe4+ Kd8 23. Ra1 Bh3 24. Rxa3 Qxf1# 0-1

[Event "revanche"]
[Site "http://www.queenalice.com/game.php?id=180987"]
[Date "2007.3.13"]
[Round "-"]
[White "Cuaio"]
[Black "Gandalfs"]
[Result "0-1"]
[WhiteElo "1205"]
[BlackElo "1237"]

1. e4 e5 2. Qf3 d6 3. c4 Nf6 4. d3 g5 5. Be3 Bg4 6. Qg3 h6 7. Nc3 d5 8. cxd5 Bb4
9. f3 Qd7 10. Qxe5+ Qe7 0-1

[Event "AUTO-OPEN-587"]
[Site "http://www.queenalice.com/game.php?id=180989"]
[Date "2007.3.13"]
[Round "1"]
[White "alvarogoulart"]
[Black "Cuaio"]
[Result "1-0"]
[WhiteElo "1698"]
[BlackElo "1220"]

1. e4 e5 2. Nf3 d6 3. Bc4 Nc6 4. d3 Qf6 5. Ng5 h6 6. Nxf7 b5 7. Nxh8 Nd4 8. Bd5
Ne7 9. Bxa8 Nec6 10. Bxc6+ Kd8 11. Bd5 Be7 12. Nf7+ Ke8 13. c3 Ne6 14. Qh5 g6
15. Qxh6 Qxf7 16. Na3 Ng5 17. Bxf7+ Kxf7 18. Bxg5 Bf8 19. Qh7+ Ke6 20. Qxg6+ Kd7
21. Qf7+ Kc6 22. Qxf8 1-0

[Event "AUTO-OPEN-587"]
[Site "http://www.queenalice.com/game.php?id=180990"]
[Date "2007.3.13"]
[Round "1"]
[White "Cuaio"]
[Black "alvarogoulart"]
[Result "0-1"]
[WhiteElo "1172"]
[BlackElo "1731"]

1. e4 e5 2. Qf3 Nf6 3. Nc3 Nc6 4. d3 Nd4 5. Qf5 Nxf5 6. exf5 Bb4 7. Bd2 Bc5 8.
Nf3 Ng4 9. Be3 Bxe3 10. fxe3 Nxe3 11. Be2 Nxc2+ 12. Kd1 Nxa1 13. Nxe5 Qf6 14.
Ng4 Qxf5 15. Ne3 Qg5 16. Ned5 O-O 17. Nxc7 Qxg2 18. Rf1 Rb8 19. d4 Qc6 20. N3b5
a6 21. Bf3 Qc2+ 22. Ke1 axb5 23. Nxb5 Re8+ 24. Be2 Qxe2# 0-1

[Event "AUTO-OPEN-587"]
[Site "http://www.queenalice.com/game.php?id=181019"]
[Date "2007.3.13"]
[Round "1"]
[White "Cuaio"]
[Black "crubiov"]
[Result "0-1"]
[WhiteElo "1213"]
[BlackElo "1501"]

1. e4 e5 2. Qf3 Nf6 3. d3 d5 4. c4 c6 5. Bg5 Na6 6. cxd5 cxd5 7. exd5 Nc7 8. Nc3
Bb4 9. Ne2 O-O 10. Qe4 Nxe4 11. a3 Qxg5 12. f4 exf4 13. h4 Bxc3+ 14. bxc3 Qxd5
15. dxe4 Qxe4 16. Kd1 Qd3+ 17. Ke1 Bg4 18. Nxf4 Qxc3+ 19. Kf2 Rae8 20. Ra2 Qe3#
0-1

[Event "AUTO-OPEN-587"]
[Site "http://www.queenalice.com/game.php?id=181020"]
[Date "2007.3.13"]
[Round "1"]
[White "crubiov"]
[Black "Cuaio"]
[Result "1-0"]
[WhiteElo "1630"]
[BlackElo "1205"]

1. e4 e5 2. Nf3 d6 3. d4 Nc6 4. Nc3 exd4 5. Nxd4 Nf6 6. Be2 Be7 7. O-O Qd7 8.
Be3 Nxd4 9. Bxd4 c5 10. Bb5 Qxb5 11. Nxb5 a6 12. Nc7+ Kd7 13. Nxa8 cxd4 14. Qxd4
b5 15. Qa7+ Kd8 16. Qc7+ Ke8 17. Qxc8+ Bd8 18. Nc7+ Ke7 19. Rae1 Bxc7 20. Qxc7+
1-0

[Event "AUTO-INT-378"]
[Site "http://www.queenalice.com/game.php?id=181161"]
[Date "2007.3.13"]
[Round "1"]
[White "igorzz"]
[Black "Cuaio"]
[Result "1-0"]
[WhiteElo "1713"]
[BlackElo "1249"]

1. e4 Nc6 2. d4 e5 3. dxe5 Nxe5 4. Nf3 d6 5. Nxe5 dxe5 6. Qh5 g6 7. Qxe5+ Be7 8.
Qxh8 Kd7 9. Qxh7 Nf6 10. Qxf7 c5 11. Bb5+ Kc7 12. Bf4+ Kb6 13. a4 Bg4 14. O-O a6
15. Bc4 Qh8 16. Qxe7 Qh5 17. Qxf6+ Ka5 18. Bc7+ Kb4 19. Qc3# 1-0

[Event "AUTO-INT-378"]
[Site "http://www.queenalice.com/game.php?id=181173"]
[Date "2007.3.13"]
[Round "1"]
[White "papalucas"]
[Black "Cuaio"]
[Result "1-0"]
[WhiteElo "1657"]
[BlackElo "1205"]

1. f4 Nf6 2. h3 e6 3. d4 d5 4. e3 c6 5. Nf3 Qd6 6. Ne5 Na6 7. Bd2 Ne4 8. Qf3 Be7
9. Qh5 g6 10. Qf3 b5 11. a3 Bh4+ 12. g3 Bxg3+ 13. Ke2 Rb8 14. Rg1 Bh2 15. Rg2 f6
16. Nd3 g5 17. Rxh2 Rg8 18. Nb4 Nxb4 19. Bxb4 Qc7 20. Ba5 Qxa5 21. Qh5+ Ke7 22.
Qxh7+ Kf8 23. b4 1-0

[Event "AUTO-INT-378"]
[Site "http://www.queenalice.com/game.php?id=181174"]
[Date "2007.3.13"]
[Round "1"]
[White "Cuaio"]
[Black "papalucas"]
[Result "0-1"]
[WhiteElo "1205"]
[BlackElo "1647"]

1. e4 c5 2. Nc3 e6 3. Na4 Qf6 4. Nxc5 Bxc5 5. Nh3 d5 6. f3 Qe5 7. Qe2 a6 8. Qd3
Bd7 9. c3 Nh6 10. g4 Bb5 11. c4 Ba4 12. g5 Ng8 13. Rg1 Bxg1 14. Nxg1 Qxh2 15.
Nh3 dxc4 16. Qxc4 Bc6 17. Nf2 b5 18. Qc5 Qf4 19. Nh3 Qxf3 20. Be2 Qxh3 0-1

[Event "AUTO-INT-378"]
[Site "http://www.queenalice.com/game.php?id=181181"]
[Date "2007.3.13"]
[Round "1"]
[White "Cuaio"]
[Black "sh4rp3r"]
[Result "0-1"]
[WhiteElo "1188"]
[BlackElo "1406"]

1. e4 Nc6 2. Nf3 e5 3. Qe2 Nf6 4. c4 Nb4 5. d3 Bc5 6. Nxe5 O-O 7. Nd2 Nc2+ 8.
Kd1 Nxa1 9. Nb3 Nxb3 10. axb3 Qe7 11. Bf4 Qe6 12. Qf3 d6 13. Nxf7 Qxf7 14. e5
dxe5 15. Bxe5 Bg4 16. Qxg4 Nxg4 17. Bg3 Bxf2 18. Be2 Qf6 19. Bxc7 Be3 20. Bxg4
Qxb2 21. Re1 Qd2# 0-1

[Event "AUTO-INT-378"]
[Site "http://www.queenalice.com/game.php?id=181182"]
[Date "2007.3.13"]
[Round "1"]
[White "sh4rp3r"]
[Black "Cuaio"]
[Result "1-0"]
[WhiteElo "1412"]
[BlackElo "1249"]

1. Nc3 e5 2. e4 Qf6 3. Nf3 Bb4 4. Nd5 Qa6 5. Bxa6 bxa6 6. Nxc7+ Kd8 7. Nxa8 Nf6
8. Ng5 Re8 9. c3 Bc5 10. Qb3 Bb7 11. Qxb7 Ke7 12. Nc7 Ng4 13. Nxe8 Kxe8 14.
Qxb8+ Ke7 15. h3 Bxf2+ 16. Kf1 f6 17. Nf3 d6 18. hxg4 1-0